[Event "Baltic Sea Cup"]
[Site "Ronne"]
[Date "2007.08.01"]
[Round "4.7"]
[White "Hagen, Andreas Skytte"]
[Black "Rasmussen, Allan Stig"]
[Result "1/2-1/2"]
[WhiteElo "2256"]
[BlackElo "2450"]
[PlyCount "61"]
[EventDate "2007.??.??"]
[EventType "swiss"]
[EventRounds "9"]
[EventCountry "DEN"]
[SourceDate "2005.12.01"]
[WhiteTeam "Denmark"]
[BlackTeam "Denmark"]
[WhiteTeamCountry "DEN"]
[BlackTeamCountry "DEN"]

1. Nf3 d5 2. d4 Nf6 3. c4 dxc4 4. e3 e6 5. Bxc4 c5 6. O-O a6 7. a4 cxd4 8. exd4
Nc6 9. Nc3 Be7 10. Re1 O-O 11. Bg5 h6 12. Bh4 Qb6 13. Qd2 Rd8 14. Rad1 Qb4 15.
Qe2 Kf8 16. Bg3 Qa5 17. Be5 Nb4 18. d5 Nbxd5 19. Nxd5 Nxd5 20. Bxd5 Rxd5 21.
Bc3 Qd8 22. Rxd5 Qxd5 23. Ne5 Qd8 24. Qh5 Qe8 25. Re3 Bf6 26. Rf3 Bxe5 27. Qxe5
f6 28. Rxf6+ gxf6 29. Qxf6+ Qf7 30. Qd8+ Qe8 31. Qf6+ 1/2-1/2

[Event "Baltic Sea Cup"]
[Site "Ronne"]
[Date "2007.08.01"]
[Round "4.8"]
[White "Salama, Omar"]
[Black "Bromann, Thorbjorn"]
[Result "1/2-1/2"]
[WhiteElo "2173"]
[BlackElo "2413"]
[PlyCount "40"]
[EventDate "2007.??.??"]
[EventType "swiss"]
[EventRounds "9"]
[EventCountry "DEN"]
[SourceDate "2005.12.01"]
[WhiteTeam "Denmark"]
[BlackTeam "Denmark"]
[WhiteTeamCountry "DEN"]
[BlackTeamCountry "DEN"]

1. d4 c5 2. d5 e5 3. e4 d6 4. Bb5+ Nd7 5. a4 Be7 6. Nf3 Ngf6 7. Nc3 O-O 8. O-O
Ne8 9. Be3 g6 10. Nd2 Bg5 11. Nc4 Bxe3 12. Nxe3 Ng7 13. a5 Nf6 14. a6 Rb8 15.
axb7 Rxb7 16. Nc4 Nfh5 17. Na5 Rb6 18. Nc4 Rb7 19. Na5 Rb6 20. Nc4 Rb7 1/2-1/2

[Event "Baltic Sea Cup"]
[Site "Ronne"]
[Date "2007.08.01"]
[Round "4.10"]
[White "Khenkin, Igor"]
[Black "Carlstedt, Jonathan"]
[Result "1-0"]
[WhiteElo "2602"]
[BlackElo "2083"]
[PlyCount "49"]
[EventDate "2007.??.??"]
[EventType "swiss"]
[EventRounds "9"]
[EventCountry "DEN"]
[SourceDate "2005.12.01"]
[WhiteTeam "Denmark"]
[BlackTeam "Denmark"]
[WhiteTeamCountry "DEN"]
[BlackTeamCountry "DEN"]

1. d4 Nf6 2. Nf3 c5 3. d5 e6 4. Nc3 b5 5. dxe6 fxe6 6. Nxb5 d5 7. c4 Bd7 8. Nc3
d4 9. Nb1 Bd6 10. g3 O-O 11. Bg2 Nc6 12. Nbd2 e5 13. Ng5 Ng4 14. Nge4 Rxf2 15.
Nxf2 Ne3 16. Bxc6 Bxc6 17. Qb3 Bxh1 18. Nxh1 Qf6 19. Nf2 Qh6 20. Nf3 Rb8 21.
Qd3 Bc7 22. Bxe3 dxe3 23. Qd5+ Kh8 24. Ne4 Rd8 25. Neg5 1-0

[Event "Baltic Sea Cup"]
[Site "Ronne"]
[Date "2007.08.01"]
[Round "4.11"]
[White "Svendsen, Mads Bilde"]
[Black "Hansen, Sune Berg"]
[Result "0-1"]
[WhiteElo "2178"]
[BlackElo "2574"]
[PlyCount "67"]
[EventDate "2007.??.??"]
[EventType "swiss"]
[EventRounds "9"]
[EventCountry "DEN"]
[SourceDate "2005.12.01"]
[WhiteTeam "Denmark"]
[BlackTeam "Denmark"]
[WhiteTeamCountry "DEN"]
[BlackTeamCountry "DEN"]

1. d4 Nf6 2. c4 c5 3. d5 e5 4. Nc3 d6 5. e4 Be7 6. Nf3 Nbd7 7. g3 O-O 8. Bg2
Ne8 9. Qc2 a6 10. O-O b5 11. b3 Rb8 12. Be3 g6 13. Nd2 Ng7 14. Qd3 f5 15. f4
Bf6 16. Rac1 Qa5 17. Rc2 exf4 18. gxf4 fxe4 19. Ncxe4 Nf5 20. Bh3 Nxe3 21.
Nxf6+ Nxf6 22. Qxe3 Bxh3 23. Qxh3 Rfe8 24. f5 Kg7 25. Qg3 Qd8 26. fxg6 hxg6 27.
Nf3 Nh5 28. Qg2 Nf4 29. Qg5 Qf6 30. Rcf2 Nd3 31. Rg2 Ne5 32. Qg3 Nxf3+ 33. Rxf3
Qa1+ 34. Kf2 0-1

[Event "Baltic Sea Cup"]
[Site "Ronne"]
[Date "2007.08.01"]
[Round "4.12"]
[White "Poulsen, Iver"]
[Black "Hector, Jonny"]
[Result "0-1"]
[WhiteElo "2178"]
[BlackElo "2550"]
[PlyCount "122"]
[EventDate "2007.??.??"]
[EventType "swiss"]
[EventRounds "9"]
[EventCountry "DEN"]
[SourceDate "2005.12.01"]
[WhiteTeam "Denmark"]
[BlackTeam "Denmark"]
[WhiteTeamCountry "DEN"]
[BlackTeamCountry "DEN"]

1. e4 e5 2. Nf3 Nc6 3. Bb5 Bc5 4. O-O d6 5. c3 Bd7 6. d4 Bb6 7. Re1 Nge7 8. Be3
O-O 9. dxe5 dxe5 10. h3 Ng6 11. Na3 Bxe3 12. Rxe3 Qe7 13. Qe1 Nf4 14. Kh2 Rfd8
15. Bf1 f6 16. Rd1 Be6 17. g3 Ng6 18. Bc4 Bxc4 19. Nxc4 b5 20. Na3 b4 21. Nb1
Nf8 22. Red3 a5 23. Rxd8 Nxd8 24. a3 Rb8 25. Qd2 Nde6 26. axb4 axb4 27. Qd5 Kh8
28. Qc4 Nc5 29. Ne1 Nfe6 30. cxb4 Nb7 31. Nc3 Nd6 32. Qd3 Qf7 33. Nc2 Qh5 34.
Re1 Ng5 35. g4 Qg6 36. Re3 Ne6 37. Ne2 Qe8 38. Nc3 Nf4 39. Qf1 Qc6 40. Re1 Nc4
41. b5 Qe6 42. Nd5 Nd2 43. Qh1 Nxd5 44. exd5 Qd6 45. Re2 e4+ 46. Kg2 Qxd5 47.
Ne3 Qd3 48. Qd1 Nf3 49. Qc2 Rg8 50. Qc4 h6 51. b3 Nh4+ 52. Kf1 Ng6 53. Qxd3
exd3 54. Rd2 Rd8 55. Nc4 Nf4 56. Nb2 Rd5 57. Ke1 g5 58. f3 Kg7 59. Kf2 h5 60.
Ke3 Rxb5 61. Nxd3 Rxb3 0-1

[Event "Baltic Sea Cup"]
[Site "Ronne"]
[Date "2007.08.01"]
[Round "4.13"]
[White "Pilgaard, Kim"]
[Black "Christiansen, Jens Jorgen"]
[Result "1-0"]
[WhiteElo "2448"]
[BlackElo "2159"]
[PlyCount "63"]
[EventDate "2007.??.??"]
[EventType "swiss"]
[EventRounds "9"]
[EventCountry "DEN"]
[SourceDate "2005.12.01"]
[WhiteTeam "Denmark"]
[BlackTeam "Denmark"]
[WhiteTeamCountry "DEN"]
[BlackTeamCountry "DEN"]

1. e4 d5 2. exd5 Qxd5 3. Nc3 Qd6 4. d4 Nf6 5. Nf3 a6 6. Bd3 Bg4 7. h3 Bh5 8.
O-O e6 9. Ne4 Nxe4 10. Bxe4 c6 11. c3 Nd7 12. Qb3 Qc7 13. Re1 Be7 14. Qc2 Bg6
15. Bxg6 hxg6 16. Ng5 Bxg5 17. Bxg5 O-O 18. Qe4 Rfe8 19. Qf3 Qa5 20. h4 Qd5 21.
Qg3 Rac8 22. b3 Qf5 23. c4 f6 24. Bd2 e5 25. dxe5 Nxe5 26. Bc3 Nd3 27. Re3 Rxe3
28. Qxe3 Nf4 29. g3 Ne6 30. Re1 Kf7 31. Qb6 Nc5 32. Bd4 1-0

[Event "Baltic Sea Cup"]
[Site "Ronne"]
[Date "2007.08.01"]
[Round "4.14"]
[White "Petersen, Steen Brustrup"]
[Black "Matthiesen, Martin"]
[Result "0-1"]
[WhiteElo "2165"]
[BlackElo "2363"]
[PlyCount "66"]
[EventDate "2007.??.??"]
[EventType "swiss"]
[EventRounds "9"]
[EventCountry "DEN"]
[SourceDate "2005.12.01"]
[WhiteTeam "Denmark"]
[BlackTeam "Denmark"]
[WhiteTeamCountry "DEN"]
[BlackTeamCountry "DEN"]

1. e4 c5 2. Nf3 d6 3. d4 cxd4 4. Qxd4 Nc6 5. Bb5 Bd7 6. Bxc6 Bxc6 7. Nc3 Nf6 8.
Bg5 e6 9. O-O-O Be7 10. Rhe1 O-O 11. Kb1 Qa5 12. Qd2 Qa6 13. Nd4 Rfd8 14. f3
Rac8 15. Be3 Nd7 16. Qe2 Qa5 17. f4 Nf6 18. g4 Nd7 19. g5 Re8 20. h4 Nc5 21. f5
Na4 22. Nxa4 Bxa4 23. Rc1 Bf8 24. Rf1 e5 25. Nf3 d5 26. exd5 Qxd5 27. g6 hxg6
28. fxg6 fxg6 29. Qf2 Rc6 30. Ng5 Rf6 31. Qg3 Bxc2+ 32. Ka1 Qxa2+ 33. Kxa2 Ra6#
0-1

[Event "Baltic Sea Cup"]
[Site "Ronne"]
[Date "2007.08.01"]
[Round "4.15"]
[White "Zozulia, Anna"]
[Black "Stovring, Claus"]
[Result "1-0"]
[WhiteElo "2332"]
[BlackElo "2089"]
[PlyCount "55"]
[EventDate "2007.??.??"]
[EventType "swiss"]
[EventRounds "9"]
[EventCountry "DEN"]
[SourceDate "2005.12.01"]
[WhiteTeam "Denmark"]
[BlackTeam "Denmark"]
[WhiteTeamCountry "DEN"]
[BlackTeamCountry "DEN"]

1. e4 e5 2. Nf3 Nf6 3. Nxe5 d6 4. Nf3 Nxe4 5. Nc3 Nxc3 6. dxc3 Be7 7. Bf4 Nd7
8. Qd2 Nc5 9. O-O-O O-O 10. h3 Qd7 11. Kb1 Qa4 12. Nd4 Bf6 13. g4 Be6 14. a3
Bd5 15. Rh2 Ne4 16. Qc1 Qa5 17. g5 Be5 18. Bxe5 dxe5 19. Nf5 Rfe8 20. f3 Nxc3+
21. bxc3 Bxf3 22. Rdd2 Re6 23. c4 e4 24. Nd4 Rb6+ 25. Ka2 e3 26. Rd3 Qc5 27.
Nxf3 Qxc4+ 28. Ka1 1-0

[Event "Baltic Sea Cup"]
[Site "Ronne"]
[Date "2007.08.01"]
[Round "4.16"]
[White "Cabrera Trujillo, Jorge"]
[Black "Schmitz, Andreas Arnold"]
[Result "1-0"]
[WhiteElo "2324"]
[BlackElo "2081"]
[PlyCount "63"]
[EventDate "2007.??.??"]
[EventType "swiss"]
[EventRounds "9"]
[EventCountry "DEN"]
[SourceDate "2005.12.01"]
[WhiteTeam "Denmark"]
[BlackTeam "Denmark"]
[WhiteTeamCountry "DEN"]
[BlackTeamCountry "DEN"]

1. e4 e6 2. d4 d5 3. Nd2 Nf6 4. e5 Nfd7 5. f4 c5 6. Ngf3 Nc6 7. Nb3 cxd4 8.
Nbxd4 Nxd4 9. Nxd4 Bc5 10. c3 O-O 11. Bd3 Bxd4 12. cxd4 Qh4+ 13. g3 Qh3 14. Bf1
Qf5 15. Bg2 f6 16. O-O fxe5 17. fxe5 Qg6 18. b3 Rxf1+ 19. Qxf1 Qg4 20. Qf2 b6
21. Bf1 Bb7 22. Ba3 a6 23. Bd3 b5 24. Rf1 Qh5 25. Qf4 Rc8 26. g4 Qe8 27. Rf3 h6
28. g5 Qh5 29. gxh6 gxh6 30. Rg3+ Kh8 31. Be7 Qd1+ 32. Bf1 1-0

[Event "Baltic Sea Cup"]
[Site "Ronne"]
[Date "2007.08.01"]
[Round "4.17"]
[White "Palm, Nicolaj Lars"]
[Black "Schiendorfer, Florian"]
[Result "1-0"]
[WhiteElo "2308"]
[BlackElo "2059"]
[PlyCount "149"]
[EventDate "2007.??.??"]
[EventType "swiss"]
[EventRounds "9"]
[EventCountry "DEN"]
[SourceDate "2005.12.01"]
[WhiteTeam "Denmark"]
[BlackTeam "Denmark"]
[WhiteTeamCountry "DEN"]
[BlackTeamCountry "DEN"]

1. d4 e6 2. Nf3 f5 3. Bg5 Be7 4. Bxe7 Qxe7 5. c4 Nf6 6. Nc3 O-O 7. e3 d6 8. Qc2
e5 9. O-O-O e4 10. Ng5 Nc6 11. h4 Nb4 12. Qd2 c6 13. Nh3 Bd7 14. Nf4 Rfc8 15.
Kb1 Na6 16. Rc1 Nc7 17. c5 d5 18. Be2 Ne6 19. Nxe6 Bxe6 20. Bd1 Qc7 21. Ne2 Qf7
22. Nf4 Kh8 23. h5 Nd7 24. Ba4 Nf8 25. f3 Re8 26. Bb3 Kg8 27. Rcf1 Bd7 28. fxe4
Rxe4 29. Bc2 Re7 30. Nd3 Qe8 31. Ne5 Rxe5 32. dxe5 Qxe5 33. Rf3 Re8 34. Rhf1 g6
35. Qb4 Ne6 36. hxg6 hxg6 37. Qh4 Nxc5 38. Qg5 Qg7 39. Rg3 Ne4 40. Bxe4 Rxe4
41. Qxg6 Qxg6 42. Rxg6+ Kf7 43. Rg3 Re7 44. Kc2 c5 45. Kd2 Ke6 46. Rg6+ Ke5 47.
Rg5 Kf6 48. Rg8 Ke5 49. Rh1 Bc6 50. Rh5 Kf6 51. Rf8+ Ke6 52. Rfxf5 Rg7 53. Re5+
Kd6 54. Reg5 Rf7 55. Rf5 Rg7 56. Rhg5 Rh7 57. Rg6+ Kc7 58. Rf2 d4 59. exd4 cxd4
60. Rg4 Rd7 61. Rgf4 Kb6 62. g4 Kc5 63. g5 Bd5 64. b3 a5 65. Kd3 Rg7 66. Rf5
Rd7 67. Re2 Rh7 68. Ree5 Rh3+ 69. Ke2 Rh2+ 70. Kf1 Rh1+ 71. Kf2 Rh2+ 72. Kg3
Rg2+ 73. Kh3 Rd2 74. Rxd5+ Kb4 75. g6 1-0

[Event "Baltic Sea Cup"]
[Site "Ronne"]
[Date "2007.08.01"]
[Round "4.18"]
[White "Pedersen, Martin Rosenkilde"]
[Black "Carstensen, Jacob"]
[Result "1/2-1/2"]
[WhiteElo "2163"]
[BlackElo "2304"]
[PlyCount "177"]
[EventDate "2007.??.??"]
[EventType "swiss"]
[EventRounds "9"]
[EventCountry "DEN"]
[SourceDate "2005.12.01"]
[WhiteTeam "Denmark"]
[BlackTeam "Denmark"]
[WhiteTeamCountry "DEN"]
[BlackTeamCountry "DEN"]

1. e4 c5 2. c3 Nf6 3. e5 Nd5 4. d4 cxd4 5. Nf3 Nc6 6. Bc4 Nb6 7. Bb3 d6 8. exd6
Qxd6 9. O-O Bf5 10. cxd4 e6 11. Nc3 Be7 12. d5 exd5 13. Nxd5 Nxd5 14. Qxd5 Qxd5
15. Bxd5 O-O 16. Bg5 Bxg5 17. Nxg5 h6 18. Nf3 Nb4 19. Bc4 Rac8 20. b3 a6 21.
Nd4 Bg6 22. Rfd1 Rfd8 23. a3 Rxd4 24. Rxd4 Nc2 25. Rc1 Nxd4 26. Bxf7+ Kxf7 27.
Rxc8 Ne6 28. f3 Ke7 29. Kf2 Kd7 30. Rc3 Nd4 31. b4 Nb5 32. Re3 Nd6 33. Rc3 Nb5
34. Re3 Bf7 35. f4 Bd5 36. g4 Nd6 37. Rd3 Be4 38. Rd1 Ke6 39. h4 g6 40. Ke3 Bc6
41. Ra1 h5 42. Rg1 hxg4 43. Rxg4 Kf6 44. Kd3 Nb5 45. a4 Nd6 46. a5 Nf5 47. Ke2
Bd7 48. Kd3 Bb5+ 49. Kd2 Nd4 50. Rg3 Ne6 51. Ke3 Ng7 52. Rg4 Bd7 53. f5 gxf5
54. Rc4 Ne6 55. Rc1 Bc6 56. Rg1 f4+ 57. Kf2 f3 58. Rg8 Ng7 59. Rc8 Ne6 60. b5
Bxb5 61. Kxf3 Nd4+ 62. Kf4 Nc6 63. Rc7 Nxa5 64. h5 Be8 65. h6 Bg6 66. h7 Bxh7
67. Rxh7 Ke6 68. Ke4 Kd6 69. Kd3 Kc5 70. Kc3 b5 71. Rh5+ Kb6 72. Rh6+ Nc6 73.
Kb3 a5 74. Rg6 Kc7 75. Rg7+ Kd6 76. Rg5 Ne5 77. Rg8 Kd5 78. Ra8 Nc6 79. Rh8
Nd4+ 80. Kc3 b4+ 81. Kd3 Nc6 82. Rh5+ Ne5+ 83. Kc2 a4 84. Rh8 Nc4 85. Ra8 b3+
86. Kc3 b2 87. Kc2 a3 88. Rxa3 Nxa3+ 89. Kxb2 1/2-1/2

[Event "Baltic Sea Cup"]
[Site "Ronne"]
[Date "2007.08.01"]
[Round "4.19"]
[White "Andersen, Lars Ren"]
[Black "Bach, Matthias"]
[Result "0-1"]
[WhiteElo "2081"]
[BlackElo "2301"]
[PlyCount "97"]
[EventDate "2007.??.??"]
[EventType "swiss"]
[EventRounds "9"]
[EventCountry "DEN"]
[SourceDate "2005.12.01"]
[WhiteTeam "Denmark"]
[BlackTeam "Denmark"]
[WhiteTeamCountry "DEN"]
[BlackTeamCountry "DEN"]

1. e4 c5 2. Nf3 d6 3. d4 cxd4 4. Nxd4 Nf6 5. Nc3 g6 6. f3 Bg7 7. Be3 O-O 8. Qd2
Nc6 9. Bc4 Bd7 10. Bb3 Ne5 11. O-O-O b5 12. Ndxb5 Qb8 13. a4 Rc8 14. Kb1 Nc4
15. Bxc4 Rxc4 16. b3 Rc8 17. Ka2 a6 18. Nd4 Qc7 19. Nde2 Nxe4 20. fxe4 Bxc3 21.
Nxc3 Qxc3 22. Kb1 Qxd2 23. Rxd2 f6 24. c4 Rab8 25. Ka2 Bxa4 26. bxa4 Rxc4 27.
Rd4 Rc2+ 28. Ka1 Rbb2 29. Bc1 Ra2+ 30. Kb1 Rxg2 31. h4 Rae2 32. h5 Rg4 33. Rc4
Rexe4 34. Rc8+ Kf7 35. h6 Rb4+ 36. Ka2 Rxa4+ 37. Kb3 Rh4 38. Rxh4 Rxh4 39. Rh8
e5 40. Rxh7+ Ke6 41. Ra7 g5 42. h7 Kf5 43. Ba3 d5 44. Bf8 g4 45. Rf7 g3 46. Be7
g2 47. Rxf6+ Ke4 48. Rg6 Rxh7 49. Bd6 0-1

[Event "Baltic Sea Cup"]
[Site "Ronne"]
[Date "2007.08.01"]
[Round "4.20"]
[White "Hirneise, Tobias"]
[Black "Hornsgaard, Jens Boe"]
[Result "1-0"]
[WhiteElo "2293"]
[BlackElo "2052"]
[PlyCount "75"]
[EventDate "2007.??.??"]
[EventType "swiss"]
[EventRounds "9"]
[EventCountry "DEN"]
[SourceDate "2005.12.01"]
[WhiteTeam "Denmark"]
[BlackTeam "Denmark"]
[WhiteTeamCountry "DEN"]
[BlackTeamCountry "DEN"]

1. e4 e5 2. Nf3 Nc6 3. Bb5 a6 4. Ba4 Nf6 5. O-O Be7 6. Re1 b5 7. Bb3 O-O 8. h3
d6 9. c3 Na5 10. Bc2 c5 11. d4 Qc7 12. Nbd2 Bd7 13. Nf1 Rac8 14. Ne3 cxd4 15.
cxd4 h6 16. d5 Nc4 17. Nxc4 Qxc4 18. Bd3 Qc7 19. Nh2 Bd8 20. f4 Qa7+ 21. Kh1
Bb6 22. Qf3 Bd4 23. f5 Nh7 24. Rf1 f6 25. h4 Kf7 26. Qh5+ Kg8 27. Qe2 Kf7 28.
Nf3 Ke7 29. Nxd4 Qxd4 30. Be3 Qa4 31. Bb6 Rb8 32. Qe3 Rfc8 33. Qg3 Kf7 34. Be3
Be8 35. Qe1 Nf8 36. g4 Nd7 37. Rf2 Nc5 38. Bc2 1-0

[Event "Baltic Sea Cup"]
[Site "Ronne"]
[Date "2007.08.01"]
[Round "4.21"]
[White "Hoffmann, Steffen"]
[Black "Baekgaard, Martin"]
[Result "0-1"]
[WhiteElo "2076"]
[BlackElo "2272"]
[PlyCount "81"]
[EventDate "2007.??.??"]
[EventType "swiss"]
[EventRounds "9"]
[EventCountry "DEN"]
[SourceDate "2005.12.01"]
[WhiteTeam "Denmark"]
[BlackTeam "Denmark"]
[WhiteTeamCountry "DEN"]
[BlackTeamCountry "DEN"]

1. Nf3 d6 2. g3 f5 3. Bg2 Nf6 4. d3 g6 5. Nc3 Bg7 6. e4 Nc6 7. O-O O-O 8. a4 e5
9. exf5 Bxf5 10. a5 a6 11. Bg5 Qd7 12. Bxf6 Bxf6 13. Nd5 Bg7 14. Qd2 Rab8 15.
c3 Ne7 16. Nxe7+ Qxe7 17. Ra4 Qd7 18. Rb4 c5 19. Rb6 Bf6 20. d4 Bd8 21. dxc5
Bxb6 22. cxb6 Rfd8 23. b4 Be4 24. Ne1 Bxg2 25. Nxg2 d5 26. Qg5 Qf5 27. Qe7 Rd7
28. Qc5 d4 29. Nh4 Qf6 30. Qc4+ Kh8 31. cxd4 exd4 32. Ng2 d3 33. Ne3 Qd4 34.
Qxd4+ Rxd4 35. Rb1 d2 36. Kf1 Rc8 37. Rd1 Rcd8 38. b5 axb5 39. Ke2 Ra4 40. Rxd2
Rxd2+ 41. Kxd2 0-1

[Event "Baltic Sea Cup"]
[Site "Ronne"]
[Date "2007.08.01"]
[Round "4.22"]
[White "Andersen, Rune"]
[Black "Jorgensen, Jorgen"]
[Result "0-1"]
[WhiteElo "2076"]
[BlackElo "2250"]
[PlyCount "90"]
[EventDate "2007.??.??"]
[EventType "swiss"]
[EventRounds "9"]
[EventCountry "DEN"]
[SourceDate "2005.12.01"]
[WhiteTeam "Denmark"]
[BlackTeam "Denmark"]
[WhiteTeamCountry "DEN"]
[BlackTeamCountry "DEN"]

1. d4 d5 2. c4 Nc6 3. Nc3 dxc4 4. d5 Na5 5. Qa4+ c6 6. b4 b5 7. Qxa5 Qxa5 8.
bxa5 b4 9. Nd1 cxd5 10. e4 e6 11. Ne3 Nf6 12. exd5 exd5 13. Be2 Bc5 14. Nf3 O-O
15. O-O Re8 16. Re1 Ne4 17. Nxd5 Bxf2+ 18. Kf1 Bxe1 19. Nxe1 Re5 20. Nxb4 Be6
21. Bf3 f5 22. a6 Rc8 23. Bf4 Ra5 24. Nec2 c3 25. Be2 g5 26. Be3 Rc7 27. Bxa7
Rxa7 28. Nc6 R5xa6 29. Nxa7 Rxa7 30. a3 Nd2+ 31. Kg1 Bd5 32. Nd4 Nb3 33. Nxb3
Bxb3 34. Bd3 f4 35. Rb1 Be6 36. Ra1 Rb7 37. Be4 Bb3 38. Kf2 c2 39. Rc1 Rd7 40.
Bxc2 Rd2+ 41. Kf3 Rxc2 42. Rxc2 Bxc2 43. h4 Bd1+ 44. Ke4 gxh4 45. Kxf4 h6 0-1

[Event "Baltic Sea Cup"]
[Site "Ronne"]
[Date "2007.08.01"]
[Round "4.25"]
[White "Frisk, Hans"]
[Black "Zhao, Parker"]
[Result "0-1"]
[WhiteElo "2028"]
[BlackElo "2180"]
[PlyCount "80"]
[EventDate "2007.??.??"]
[EventType "swiss"]
[EventRounds "9"]
[EventCountry "DEN"]
[SourceDate "2005.12.01"]
[WhiteTeam "Denmark"]
[BlackTeam "Denmark"]
[WhiteTeamCountry "DEN"]
[BlackTeamCountry "DEN"]

1. Nc3 d5 2. e4 c6 3. Nf3 Nf6 4. e5 Ne4 5. d4 Nxc3 6. bxc3 e6 7. h4 c5 8. Be2
Be7 9. Ng5 Nc6 10. Rh3 Qb6 11. Be3 cxd4 12. Bxd4 Qd8 13. f4 h6 14. Nxf7 Kxf7
15. Bh5+ g6 16. Bxg6+ Kxg6 17. Rg3+ Kf7 18. Qh5+ Kf8 19. Qg6 Bxh4 20. Bc5+ Ne7
21. Qg7+ Ke8 22. Qxh8+ Kd7 23. Qg7 Bxg3+ 24. Qxg3 Nf5 25. Qd3 b6 26. Bf2 Qg8
27. g3 Bb7 28. O-O-O Rc8 29. c4 Ba6 30. Qa3 Bxc4 31. Qxa7+ Rc7 32. Qxb6 Qa8 33.
g4 Qa3+ 34. Qb2 Qf3 35. gxf5 Qxf2 36. fxe6+ Kxe6 37. Kb1 Rc6 38. Ka1 Ra6 39. a3
Qf3 40. c3 Qxd1+ 0-1

[Event "Baltic Sea Cup"]
[Site "Ronne"]
[Date "2007.08.01"]
[Round "4.26"]
[White "Moller, Morten Kock"]
[Black "Glibstrup, Michael"]
[Result "1-0"]
[WhiteElo "2178"]
[BlackElo "1969"]
[PlyCount "67"]
[EventDate "2007.??.??"]
[EventType "swiss"]
[EventRounds "9"]
[EventCountry "DEN"]
[SourceDate "2005.12.01"]
[WhiteTeam "Denmark"]
[BlackTeam "Denmark"]
[WhiteTeamCountry "DEN"]
[BlackTeamCountry "DEN"]

1. e4 c5 2. c3 d6 3. d4 cxd4 4. cxd4 Nf6 5. Nc3 a6 6. h3 e6 7. Nf3 Be7 8. Bd3
O-O 9. O-O Nc6 10. e5 dxe5 11. dxe5 Nd5 12. Qe2 b5 13. Qe4 g6 14. Bh6 Re8 15.
Rad1 Nxc3 16. bxc3 Qc7 17. Rfe1 Bb7 18. Qf4 Bf8 19. Bxf8 Rxf8 20. Qh6 f5 21.
exf6 Rxf6 22. Ng5 Re8 23. Ne4 Rf7 24. Ng5 Rf6 25. Qh4 Qg7 26. Nxh7 Rf7 27. Ng5
Rf6 28. Ne4 Rf7 29. Nd6 Rfe7 30. Nxe8 Rxe8 31. Qg5 Kf7 32. Be4 Re7 33. Re3 Na5
34. Rf3+ 1-0

[Event "Baltic Sea Cup"]
[Site "Ronne"]
[Date "2007.08.01"]
[Round "4.27"]
[White "Lauridsen, Jesper Morch"]
[Black "Hansen, Lars Henrik Bech"]
[Result "1-0"]
[WhiteElo "2302"]
[BlackElo "2070"]
[PlyCount "87"]
[EventDate "2007.??.??"]
[EventType "swiss"]
[EventRounds "9"]
[EventCountry "DEN"]
[SourceDate "2005.12.01"]
[WhiteTeam "Denmark"]
[BlackTeam "Denmark"]
[WhiteTeamCountry "DEN"]
[BlackTeamCountry "DEN"]

1. e4 d6 2. d4 Nf6 3. Nc3 g6 4. Be3 c6 5. Nf3 Nbd7 6. Qd2 e5 7. O-O-O Qa5 8.
Kb1 Ng4 9. Bg5 f6 10. Bh4 Bh6 11. Qd3 Bf8 12. Qc4 Nb6 13. Qb3 g5 14. Bg3 Nh6
15. a3 Bd7 16. Qa2 Na4 17. Nxa4 Qxa4 18. Bc4 O-O-O 19. dxe5 dxe5 20. Be6 Bg7
21. Bxd7+ Rxd7 22. Qe6 Rhd8 23. Rxd7 Rxd7 24. Rd1 c5 25. Rd5 Kd8 26. b3 Qb5 27.
a4 Qc6 28. Qxc6 bxc6 29. Rxc5 Kc7 30. Kb2 Nf7 31. Ne1 Rd2 32. Kc1 Rd4 33. f3
Bf8 34. Rc3 Ba3+ 35. Kb1 Rd2 36. Rd3 Re2 37. Rd1 Bb4 38. Nd3 Bc3 39. Nc5 h5 40.
Rd7+ Kb6 41. Nd3 Rxg2 42. Bf2+ c5 43. Rxf7 Rxh2 44. b4 1-0

[Event "Baltic Sea Cup"]
[Site "Ronne"]
[Date "2007.08.01"]
[Round "4.28"]
[White "Willumsen, Niels Henrik"]
[Black "Simonsen, Per Barndorff"]
[Result "1-0"]
[WhiteElo "2215"]
[BlackElo "2023"]
[PlyCount "44"]
[EventDate "2007.??.??"]
[EventType "swiss"]
[EventRounds "9"]
[EventCountry "DEN"]
[SourceDate "2005.12.01"]
[WhiteTeam "Denmark"]
[BlackTeam "Denmark"]
[WhiteTeamCountry "DEN"]
[BlackTeamCountry "DEN"]

1. e4 c5 2. Nf3 d6 3. d4 cxd4 4. Nxd4 Nf6 5. Nc3 Nc6 6. Bc4 Bd7 7. Bb3 g6 8.
Be3 Bg7 9. f3 O-O 10. Qe2 a6 11. O-O-O Qa5 12. g4 Rac8 13. h4 Ne5 14. h5 g5 15.
h6 Bh8 16. Nf5 Ng6 17. Nd5 Nxd5 18. Rxd5 Qc7 19. Nxe7+ Nxe7 20. Rxg5+ Ng6 21.
Rxg6+ hxg6 22. h7+ Kg7 1-0

[Event "Baltic Sea Cup"]
[Site "Ronne"]
[Date "2007.08.01"]
[Round "4.29"]
[White "Hirneise, Jens"]
[Black "Wiwe, Andreas"]
[Result "0-1"]
[WhiteElo "2090"]
[BlackElo "2187"]
[PlyCount "62"]
[EventDate "2007.??.??"]
[EventType "swiss"]
[EventRounds "9"]
[EventCountry "DEN"]
[SourceDate "2005.12.01"]
[WhiteTeam "Denmark"]
[BlackTeam "Denmark"]
[WhiteTeamCountry "DEN"]
[BlackTeamCountry "DEN"]

1. e4 c5 2. Nf3 d6 3. d4 cxd4 4. Nxd4 Nf6 5. Nc3 a6 6. Be3 e6 7. Be2 Be7 8. f4
O-O 9. Qd2 Qc7 10. g4 b5 11. Bf3 Bb7 12. Qg2 b4 13. Nce2 d5 14. e5 Ne4 15. O-O
Nd7 16. Rac1 Rac8 17. c4 bxc3 18. Bxe4 dxe4 19. Rxc3 Qa5 20. Rfc1 Rxc3 21. Rxc3
Bb4 22. Nc6 Bxc6 23. Rxc6 Qxa2 24. Qxe4 Qxb2 25. Qd3 Nb8 26. Rc1 Qa3 27. Qd4
Qa5 28. Rc4 Be7 29. Bd2 Qa3 30. Rc7 Qf3 31. h3 Qxe2 0-1

[Event "Baltic Sea Cup"]
[Site "Ronne"]
[Date "2007.08.01"]
[Round "4.30"]
[White "Christensen, Janus"]
[Black "Hafner, Christian"]
[Result "1-0"]
[WhiteElo "2137"]
[BlackElo "2159"]
[PlyCount "91"]
[EventDate "2007.??.??"]
[EventType "swiss"]
[EventRounds "9"]
[EventCountry "DEN"]
[SourceDate "2005.12.01"]
[WhiteTeam "Denmark"]
[BlackTeam "Denmark"]
[WhiteTeamCountry "DEN"]
[BlackTeamCountry "DEN"]

1. d4 d5 2. c4 c6 3. Nf3 Nf6 4. Nc3 dxc4 5. a4 Bf5 6. e3 e6 7. Bxc4 Bb4 8. Qb3
a5 9. O-O Nbd7 10. Re1 O-O 11. Nh4 Ne4 12. Nxf5 exf5 13. f3 Qh4 14. Re2 Ng5 15.
e4 f4 16. e5 Nb6 17. Bd2 Rad8 18. Be1 Qh6 19. Rd1 Nxc4 20. Qxc4 Qe6 21. Qd3 Qb3
22. Bh4 Ne6 23. Bxd8 Rxd8 24. Red2 Rxd4 25. Qe2 Rxd2 26. Qxd2 g5 27. Qd3 Qxb2
28. Ne4 Qxe5 29. Qd7 Nc5 30. Qd8+ Kg7 31. Nxg5 h6 32. Qh8+ Kxh8 33. Nxf7+ Kg7
34. Nxe5 h5 35. Nd3 Nxd3 36. Rxd3 Kf6 37. Rd7 b5 38. axb5 cxb5 39. Rb7 Bc5+ 40.
Kf1 b4 41. Rb5 Bd4 42. Rxa5 h4 43. Rb5 Bc3 44. Ke2 Ke6 45. Kd3 Kd6 46. Rf5 1-0

[Event "Baltic Sea Cup"]
[Site "Ronne"]
[Date "2007.08.01"]
[Round "4.31"]
[White "Holm, Ragnar"]
[Black "Ochsner, Bjorn Moller"]
[Result "1/2-1/2"]
[WhiteElo "2153"]
[BlackElo "1841"]
[PlyCount "45"]
[EventDate "2007.??.??"]
[EventType "swiss"]
[EventRounds "9"]
[EventCountry "DEN"]
[SourceDate "2005.12.01"]
[WhiteTeam "Denmark"]
[BlackTeam "Denmark"]
[WhiteTeamCountry "DEN"]
[BlackTeamCountry "DEN"]

1. d4 Nf6 2. c4 g6 3. Nc3 Bg7 4. e4 d6 5. Nf3 O-O 6. Be2 e5 7. O-O Nc6 8. d5
Ne7 9. Ne1 Nd7 10. Nd3 f5 11. f3 f4 12. b4 Nf6 13. Bd2 g5 14. Nf2 Ng6 15. c5 h5
16. h3 Rf7 17. Rc1 Bf8 18. cxd6 cxd6 19. a4 Rg7 20. Nb5 Ne8 21. a5 Bd7 22. Na3
Nh8 23. Rc3 1/2-1/2